00772nam a22001937a 450000500170000001000150001702000260003203500140005803700140007208200100008610000190009624501010011526000600021627001000027630000250037694200240040199900190042595201340044420180426140712.0 aENG-122679 a9789386349309c895.00 aEN-106211 bDBAD/PUB. a657.3 aAgarwal, Deepa aA complete guide to interim financial reporting with illustrative statements /cby Deepa Agarwal aNew DelhibBloomsbury Publishing India Pvt. Ltd.,c2017 aDDA Complex, LSC Building No. 4, Second Floor, Pocket C-6 & 7, Vasant Kunj, bNew Delhie110070v axx, 418p.c22cm(pbk) 2ddccENmAGAh657.3 c151769d151769 001040708NFICaBL4bBL4d2018-04-26eDBAD/PUBg895.00l4o657.3 AGApEN-106211r2022-12-23 00:00:00s2022-12-22t1v895.00yEN